[Event "SR 3. liga A2 2017/2018"]
[Site "?"]
[Date "2017.11.05"]
[Round "3.2"]
[White "Bjel, Jan"]
[Black "Bugar, Peter"]
[Result "1/2-1/2"]
[WhiteElo "1821"]
[BlackElo "1829"]
[PlyCount "139"]
[EventDate "2017.??.??"]

1. e4 e6 2. d4 d5 3. exd5 exd5 4. Bd3 c5 5. c3 cxd4 6. cxd4 Nc6 7. Nf3 Bg4 8.
Be3 Qb6 9. Nc3 Nf6 10. Bb5 Bb4 11. Bxc6+ Qxc6 12. O-O Bxc3 13. Rc1 Ne4 14. bxc3
O-O 15. Ne5 Bxd1 16. Nxc6 Be2 17. Rfe1 Bc4 18. f3 $11 Nf6 19. Na5 Ba6 20. Bg5
Rfe8 21. Bxf6 gxf6 22. Kf2 Re6 23. Nb3 b6 24. Rxe6 fxe6 25. Nd2 Bb5 26. Nf1 Rc8
27. Ne3 $11 Kf7 28. Ke1 Ke7 29. Kd2 Kd6 30. Ng4 Ke7 31. Re1 Rg8 32. g3 h5 33.
Ne3 Kd6 34. a3 Rc8 35. Ng2 e5 36. Ne3 Bd7 37. Nc2 Rc4 38. Ne3 Ra4 39. dxe5+
fxe5 40. Ra1 b5 41. Kc1 d4 42. Nd1 Rc4 43. Kd2 Kd5 44. cxd4 exd4 45. Rb1 a6 46.
Rb3 Bf5 47. Rb2 Ra4 48. g4 hxg4 49. fxg4 Bxg4 50. Rb3 Kc4 51. Rg3 Bxd1 52. Kxd1
b4 53. axb4 Ra1+ 54. Kc2 Ra2+ 55. Kb1 Rxh2 56. Rg6 Kb3 57. Kc1 Ra2 58. Rd6 Kc3
59. Kd1 Ra4 60. Ke1 Ra1+ 61. Ke2 Ra2+ 62. Kd1 Kd3 63. Kc1 Ra4 64. Rc6 Ra3 65.
Rd6 Kc4 66. Kb2 Ra4 67. Kc2 Ra2+ 68. Kb1 Ra3 69. Kc2 $11 Rc3+ 70. Kd2 1/2-1/2

[Event "SR 3. liga A2 2017/2018"]
[Site "?"]
[Date "2017.11.05"]
[Round "3.2"]
[White "Minarik, Jozef"]
[Black "Smrek, Peter"]
[Result "0-1"]
[WhiteElo "1361"]
[BlackElo "1712"]
[PlyCount "36"]
[EventDate "2017.??.??"]

1. e4 c5 2. Nf3 d6 3. Bb5+ Bd7 4. Bxd7+ Nxd7 5. d3 g6 6. Be3 Bg7 7. Nc3 b5 8.
Qc1 b4 9. Ne2 e5 10. Ng3 f6 11. h4 h5 12. Nh2 Ne7 13. f4 exf4 14. Bxf4 Ne5 15.
Bxe5 dxe5 16. Qe3 Rc8 17. Rd1 Qa5 18. Qd2 Bh6 0-1

[Event "SR 3. liga A2 2017/2018"]
[Site "?"]
[Date "2017.11.05"]
[Round "3.2"]
[White "Jancovicova, Petra"]
[Black "Kiss, Balazs"]
[Result "1-0"]
[WhiteElo "1708"]
[BlackElo "1287"]
[PlyCount "77"]
[EventDate "2017.??.??"]

1. e4 e5 2. Nf3 Nc6 3. d4 Bd6 4. d5 Na5 5. Bd2 c6 6. b4 cxd5 7. bxa5 dxe4 8.
Ng5 Bc5 9. Nxe4 Be7 10. Be2 d5 11. Ng3 Nf6 12. Bb5+ Nd7 13. O-O O-O 14. a6 Qb6
15. axb7 Bxb7 16. Bxd7 Qc7 17. Ba4 Bf6 18. Bc3 d4 19. Bb2 Qc4 20. Bb3 Qc6 21.
f3 Rad8 22. Re1 Qb6 23. Kh1 Bh4 24. Rxe5 Bc8 25. Nf5 Bxf5 26. Rxf5 Rfe8 27.
Bxf7+ Kh8 28. Bxe8 Rxe8 29. Ba3 Bf6 30. Nd2 Qe6 31. Rf4 g5 32. Re4 Be5 33. Bb2
Rd8 34. Qe2 Rd5 35. Re1 Qc6 36. Rxe5 Qxc2 37. Rxd5 Qxb2 38. Qe5+ Kg8 39. Qxg5+
1-0

[Event "SR 3. liga A2 2017/2018"]
[Site "?"]
[Date "2017.11.05"]
[Round "3.2"]
[White "Vargaova, Veronika"]
[Black "Lanyi, Frantisek"]
[Result "0-1"]
[WhiteElo "1119"]
[BlackElo "1686"]
[PlyCount "90"]
[EventDate "2017.??.??"]

1. e4 e5 2. Nf3 Nc6 3. Bc4 Bc5 4. d3 Nf6 5. Bg5 h6 6. Bh4 Be7 7. h3 d6 8. Nc3
Na5 9. Bxf6 Bxf6 10. Bd5 c6 11. Bb3 Nxb3 12. axb3 Be6 13. d4 exd4 14. Nxd4 Bd7
15. Nce2 Qe7 16. f3 c5 17. Nf5 Bxf5 18. exf5 Bxb2 19. Ra2 Bf6 20. Qd5 O-O 21.
g4 Rfe8 22. Qd3 Bh4+ 23. Kd1 Bf6 24. Ng3 Qe3 25. Qd5 Bg5 26. c3 Qxc3 27. Ne2
Qe3 28. h4 Bf6 29. Ng3 Re5 30. Qd2 Qxf3+ 31. Kc1 Qxg3 32. Qd1 Bxh4 33. Re2 Qc3+
34. Kb1 Rxe2 35. Qxe2 Qxb3+ 36. Kc1 Bg5+ 37. Qd2 Bxd2+ 38. Kxd2 Qb4+ 39. Kc2
Qe4+ 40. Kb2 Qxh1 41. Ka2 Re8 42. Ka3 Re4 43. Kb3 Qf3+ 44. Kc2 Re2+ 45. Kd1
Qf1# 0-1

[Event "SR 3. liga A2 2017/2018"]
[Site "?"]
[Date "2017.11.05"]
[Round "3.3"]
[White "Palka, Miroslav"]
[Black "Danada, Ondrej"]
[Result "1/2-1/2"]
[WhiteElo "1919"]
[BlackElo "1855"]
[PlyCount "167"]
[EventDate "2017.??.??"]

1. c4 b6 2. Nc3 e6 3. e4 Bb4 4. g3 Bb7 5. Bg2 f5 6. Nge2 Nf6 7. f3 fxe4 8. fxe4
O-O 9. O-O e5 10. h3 Nc6 11. Kh2 Nd4 12. a3 Bd6 13. d3 Qe8 14. Be3 c5 15. Rb1
a5 16. Qd2 Qh5 17. Kg1 h6 18. Rf2 Nh7 19. Rbf1 Rxf2 20. Rxf2 Rf8 21. Rxf8+ Nxf8
22. Bf2 Be7 23. Nxd4 exd4 24. Qe2 Qg5 25. Nd5 Qc1+ 26. Kh2 Bxd5 27. exd5 Bg5
28. d6 Be3 29. Bd5+ Kh7 30. Bxe3 dxe3 31. Kg2 g5 32. h4 Qd2 33. Kf1 Kg7 34.
hxg5 hxg5 35. Qxd2 exd2 36. Ke2 d1=Q+ 37. Kxd1 Kf6 38. Kd2 Kf5 39. Bf3 Ne6 40.
Kc3 Nd4 41. Bd1 Ke5 42. b4 axb4+ 43. axb4 Nf5 44. g4 Nd4 45. bxc5 bxc5 46. Kd2
Kxd6 47. Ke3 Ke5 48. Ba4 Nc6 49. Bd1 Ne7 50. Ba4 d5 51. Bd1 d4+ 52. Kf3 Ng8 53.
Kg3 Nf6 54. Kf3 Kd6 55. Kf2 Kc6 56. Ke1 Kb6 57. Kd2 Ka5 58. Kc2 Kb4 59. Kb2 Nd7
60. Bf3 Ne5 61. Be2 Nc6 62. Kc2 Ka3 63. Bf3 Ne5 64. Bd1 Nc6 65. Bf3 Nb4+ 66.
Kd2 Kb2 67. Be4 Na2 68. Bh7 Nc3 69. Bg6 Nb1+ 70. Ke2 Kc2 71. Bh7 Nd2 72. Bg8
Nb3 73. Bh7 Kc3 74. Kd1 Nd2 75. Ke2 Nxc4 76. dxc4 Kxc4 77. Kd2 Kd5 78. Bg8+ Ke4
79. Bc4 Kf3 80. Be2+ Kf2 81. Bc4 Kf3 82. Be2+ Kf2 83. Bc4 Kf3 84. Be2+ 1/2-1/2

[Event "SR 3. liga A2 2017/2018"]
[Site "?"]
[Date "2017.11.05"]
[Round "3.3"]
[White "Brunovsky, Peter"]
[Black "Palka, Martin"]
[Result "1/2-1/2"]
[WhiteElo "1844"]
[BlackElo "1865"]
[PlyCount "33"]
[EventDate "2017.??.??"]

1. d4 Nf6 2. Bf4 e6 3. e3 d5 4. Nd2 c5 5. c3 Nc6 6. Ngf3 Be7 7. Bd3 O-O 8. Ne5
Nxe5 9. Bxe5 Nd7 10. Bg3 f5 11. Nf3 Nf6 12. Ne5 Bd7 13. h3 Qe8 14. Bh2 Ne4 15.
Qe2 c4 16. Bxe4 fxe4 17. O-O 1/2-1/2

[Event "SR 3. liga A2 2017/2018"]
[Site "?"]
[Date "2017.11.05"]
[Round "3.3"]
[White "Skapikova, Lubica"]
[Black "Valla, Tomas"]
[Result "1/2-1/2"]
[WhiteElo "1908"]
[BlackElo "1852"]
[PlyCount "65"]
[EventDate "2017.??.??"]

1. e4 c5 2. Nf3 g6 3. d4 cxd4 4. Nxd4 Bg7 5. Be3 Nc6 6. Nc3 Nf6 7. Be2 O-O 8.
O-O d5 9. Nxc6 bxc6 10. exd5 cxd5 11. Bf3 e6 12. Qd2 Re8 13. Bh6 Bh8 14. Bg5
Rb8 15. Rab1 Bd7 16. Qf4 e5 17. Qh4 h6 18. Qxh6 e4 19. Nxd5 exf3 20. Qxh8+ Kxh8
21. Bxf6+ Kg8 22. Bxd8 Rexd8 23. Nf6+ Kg7 24. Nxd7 Rxd7 25. gxf3 Rd2 26. Rfc1
Kf6 27. Kf1 Re8 28. Re1 Rxe1+ 29. Kxe1 Rxc2 30. a4 Ke5 31. b4 Ra2 32. a5 Kf4
33. Rb3 1/2-1/2

[Event "SR 3. liga A2 2017/2018"]
[Site "?"]
[Date "2017.11.05"]
[Round "3.3"]
[White "Zajicek, Ferdinand"]
[Black "Lanik, Miroslav"]
[Result "1/2-1/2"]
[WhiteElo "1775"]
[BlackElo "1828"]
[PlyCount "51"]
[EventDate "2017.??.??"]

1. e4 c5 2. Nf3 d6 3. d4 cxd4 4. Nxd4 Nf6 5. Nc3 a6 6. Be3 e5 7. Nb3 Be6 8. Be2
Nbd7 9. O-O Be7 10. Qd3 b5 11. a3 Nb6 12. Rab1 O-O 13. h3 Qc7 14. f4 Rac8 15.
Rf3 Nc4 16. f5 Bd7 17. Rg3 Kh8 18. Bg5 Bc6 19. Bxf6 Bxf6 20. Nd2 Nxd2 21. Qxd2
Qb7 22. Bd3 Rfd8 23. Qe2 Qe7 24. Qg4 Rg8 25. Rf1 Rcd8 26. Nd5 1/2-1/2

[Event "SR 3. liga A2 2017/2018"]
[Site "?"]
[Date "2017.11.05"]
[Round "3.3"]
[White "Kir, Kvetoslav"]
[Black "Takacs, Zsolt"]
[Result "1-0"]
[WhiteElo "1752"]
[BlackElo "1766"]
[PlyCount "129"]
[EventDate "2017.??.??"]

1. d4 d5 2. c4 dxc4 3. Nc3 Nf6 4. Nf3 e6 5. e3 Nc6 6. Bxc4 Bb4 7. O-O O-O 8. a3
Bxc3 9. bxc3 b6 10. Qc2 h6 11. e4 Bb7 12. Re1 Nd7 13. Bf4 Re8 14. Rad1 Qc8 15.
e5 Na5 16. Ba2 c5 17. Bb1 Nf8 18. Qc1 Bxf3 19. gxf3 Ng6 20. Kh1 cxd4 21. Be4
Rb8 22. cxd4 Qxc1 23. Bxc1 Rbc8 24. Rg1 Nb3 25. Be3 Rc4 26. Bxg6 fxg6 27. Rxg6
Kf7 28. Rdg1 Rg8 29. Bxh6 Nxd4 30. Bxg7 Ke8 31. Bf6 Rxg6 32. Rxg6 Nxf3 33. Rg8+
Kd7 34. Rg7+ Ke8 35. Rxa7 Rg4 36. Rg7 Re4 37. Re7+ Kf8 38. Kg2 Ne1+ 39. Kg3 Ra4
40. Rxe6 Rxa3+ 41. Kg4 Ra4+ 42. f4 Nd3 43. Bg5 b5 44. Kf5 b4 45. Kf6 Nc5 46.
Bh6+ Kg8 47. Rc6 Nd7+ 48. Kg6 Ra8 49. e6 Nf8+ 50. Bxf8 Kxf8 51. Kf6 Rb8 52. Rc2
b3 53. Rb2 Rb4 54. f5 Ke8 55. h4 Rxh4 56. Rxb3 Rh6+ 57. Kg7 Rh1 58. Rb7 Rh2 59.
Kf6 Rh6+ 60. Ke5 Rh1 61. Rb4 Re1+ 62. Kf6 Kd8 63. e7+ Ke8 64. Rb8+ Kd7 65. Rd8+
1-0

[Event "SR 3. liga A2 2017/2018"]
[Site "?"]
[Date "2017.11.05"]
[Round "3.3"]
[White "Kastler, Peter"]
[Black "Kubik, Peter"]
[Result "0-1"]
[WhiteElo "1724"]
[BlackElo "1826"]
[PlyCount "70"]
[EventDate "2017.??.??"]

1. d4 Nf6 2. c4 e5 3. dxe5 Ng4 4. Nf3 Bc5 5. e3 Nc6 6. Be2 O-O 7. O-O Ngxe5 8.
Nxe5 Nxe5 9. b3 Nf3+ 10. Bxf3 Qf6 11. Ba3 Qxa1 12. Bxc5 d6 13. Ba3 Qxa2 14. Re1
Qa1 15. Re2 Bf5 16. e4 Bg6 17. Bb2 Qa5 18. Nc3 Qg5 19. Nd5 Rac8 20. Bc1 Qd8 21.
Bg4 Ra8 22. f4 f5 23. exf5 Bxf5 24. Bf3 Qd7 25. Ne3 Rae8 26. Bb2 a5 27. Qa1 Bd3
28. Bd5+ Kh8 29. Re1 Rxf4 30. g3 Rff8 31. Kg2 Be4+ 32. Bxe4 Rxe4 33. Bxg7+ Qxg7
34. Qb1 Qe5 35. Ng4 Rxe1 0-1

[Event "SR 3. liga A2 2017/2018"]
[Site "?"]
[Date "2017.11.05"]
[Round "3.3"]
[White "Zisek, Jaroslav"]
[Black "Kanka, Tomas"]
[Result "1-0"]
[WhiteElo "1784"]
[BlackElo "1705"]
[PlyCount "121"]
[EventDate "2017.??.??"]

1. c4 c5 2. Nc3 Nc6 3. Nf3 Nf6 4. d4 cxd4 5. Nxd4 e5 6. Nc2 h6 7. e4 Bc5 8. Be2
O-O 9. O-O a6 10. Qd3 Kh8 11. Be3 Nb4 12. Nxb4 Bxb4 13. Nd5 Nxd5 14. Qxd5 Qc7
15. a3 Be7 16. Rfd1 d6 17. Rac1 Be6 18. Qd2 f5 19. exf5 Bxf5 20. Bd3 e4 21. Be2
Kh7 22. f3 Rad8 23. fxe4 Bxe4 24. Bd3 Bxd3 25. Qxd3+ Kh8 26. Rf1 Rxf1+ 27. Rxf1
Bf6 28. b3 Be5 29. Qd5 Qc6 30. Rd1 Qxd5 31. Rxd5 Bb2 32. a4 Ba3 33. Bd2 Bc5+
34. Kf1 Rf8+ 35. Ke1 Rf6 36. b4 Bf2+ 37. Ke2 Bb6 38. Be3 Re6 39. Rd3 a5 40.
bxa5 Bxa5 41. Rb3 Re7 42. Kd3 Kg8 43. Bf4 Rd7 44. Kd4 Kf7 45. Kd5 Bd8 46. Be3
g5 47. Bd4 g4 48. Re3 h5 49. Re6 Be7 50. Be3 Rc7 51. Bb6 Rc6 52. a5 Bf8 53. Re4
Bh6 54. Re6 Bf8 55. Re2 Bh6 56. Rf2+ Kg6 57. Rb2 Rc8 58. Re2 Bf8 59. Re4 Rc6
60. Re8 Kf7 61. Rb8 1-0

[Event "SR 3. liga A2 2017/2018"]
[Site "?"]
[Date "2017.11.05"]
[Round "3.3"]
[White "Ralbovsky, Milan"]
[Black "Bendzela, Tibor"]
[Result "0-1"]
[WhiteElo "1500"]
[BlackElo "1693"]
[PlyCount "126"]
[EventDate "2017.??.??"]

1. e4 d5 2. e5 Bf5 3. d4 e6 4. Bd3 Bg6 5. Nf3 Nd7 6. Nc3 c6 7. Be3 Bb4 8. O-O
Bh5 9. a3 Be7 10. h3 Qc7 11. Qd2 Bxf3 12. gxf3 h6 13. Bf4 a6 14. Bg3 g5 15. f4
Qd8 16. Kh2 h5 17. fxg5 Bxg5 18. Bf4 Be7 19. Rg1 Qb6 20. Bh7 O-O-O 21. Rg7 Qxb2
22. Rag1 Qxa3 23. Bxg8 Bb4 24. Qe3 Qxc3 25. Qxc3 Bxc3 26. Bxf7 Bxd4 27. R1g2
Bxe5 28. Bxe5 Nxe5 29. Bxe6+ Kb8 30. Re7 Rde8 31. Rgg7 Rxe7 32. Rxe7 Nf3+ 33.
Kh1 Nd4 34. c3 Nxe6 35. Rxe6 a5 36. Kg1 a4 37. Re3 b5 38. f4 Rf8 39. Rf3 a3 40.
Kg2 a2 41. Rf1 Rxf4 42. Ra1 Ra4 43. Kf3 Kb7 44. Ke3 Kb6 45. Kd3 Kc5 46. Kc2 h4
47. Kb3 Ra6 48. Kc2 Kc4 49. Kb2 c5 50. Kc2 Ra3 51. Kb2 Rb3+ 52. Kxa2 Rxc3 53.
Rh1 b4 54. Kb2 Rg3 55. Rc1+ Kb5 56. Rh1 d4 57. Kc2 c4 58. Kd2 c3+ 59. Kc2 Kc4
60. Rg1 d3+ 61. Kb1 Rxg1+ 62. Ka2 b3+ 63. Ka3 Ra1# 0-1

[Event "SR 3. liga A2 2017/2018"]
[Site "?"]
[Date "2017.11.05"]
[Round "3.4"]
[White "Provaznik, Michal"]
[Black "Cajka, Tibor"]
[Result "1-0"]
[WhiteElo "2195"]
[BlackElo "2052"]
[PlyCount "97"]
[EventDate "2017.??.??"]

1. e4 c5 2. Nf3 a6 3. d4 cxd4 4. c3 d5 5. exd5 Nf6 6. c4 Bg4 7. Qxd4 Bxf3 8.
gxf3 g6 9. Be3 Bg7 10. Nc3 O-O 11. Qd2 Re8 12. Be2 Qd7 13. h4 h5 14. Rd1 Qf5
15. Qd3 Qxd3 16. Rxd3 Nbd7 17. f4 Rac8 18. Rd1 e5 19. Kf1 exf4 20. Bxf4 Ne4 21.
Nxe4 Rxe4 22. Bc1 Bf6 23. f4 Nc5 24. b3 b5 25. cxb5 axb5 26. Bxb5 Ra8 27. Rh2
Rb8 28. Be2 Ree8 29. Bf3 Ne4 30. Bxe4 Rxe4 31. d6 Rd8 32. Re2 Rxe2 33. Kxe2 Rd7
34. Kf3 Bxh4 35. Ke4 Bd8 36. Kd5 Ra7 37. a3 h4 38. b4 Kg7 39. b5 Kh6 40. Rd3
Rb7 41. Kc6 Rb8 42. Be3 Kh5 43. Ba7 Rc8+ 44. Kd7 Ra8 45. b6 Kg4 46. Kc6 Rc8+
47. Kd5 Bxb6 48. Bxb6 h3 49. d7 1-0

[Event "SR 3. liga A2 2017/2018"]
[Site "?"]
[Date "2017.11.05"]
[Round "3.4"]
[White "Nemeckay, Rastislav"]
[Black "Sefcik, Marek"]
[Result "1/2-1/2"]
[WhiteElo "1955"]
[BlackElo "1991"]
[PlyCount "24"]
[EventDate "2017.??.??"]

1. e4 d5 2. exd5 Qxd5 3. Nc3 Qd6 4. d4 Nf6 5. Nf3 c6 6. Bg5 Bg4 7. Be2 Nbd7 8.
Qd2 e6 9. O-O-O Qc7 10. Bf4 Qa5 11. a3 Bxf3 12. Bxf3 Nb6 1/2-1/2

[Event "SR 3. liga A2 2017/2018"]
[Site "?"]
[Date "2017.11.05"]
[Round "3.4"]
[White "Jakubec, Milan"]
[Black "Ocko, Martin"]
[Result "0-1"]
[WhiteElo "2067"]
[BlackElo "1989"]
[PlyCount "87"]
[EventDate "2017.??.??"]

1. e4 e5 2. Nf3 Nc6 3. Bc4 Nf6 4. d3 h6 5. O-O d6 6. h3 Na5 7. Nbd2 g6 8. a4
Nxc4 9. dxc4 Bg7 10. Qe2 O-O 11. Ne1 Qe7 12. Nd3 Re8 13. b3 Nh5 14. Bb2 f5 15.
Rfe1 f4 16. Kh2 Qf7 17. g4 fxg3+ 18. fxg3 g5 19. Rf1 Qg6 20. Rae1 Bd7 21. Qg2
Rf8 22. Rxf8+ Rxf8 23. Rf1 Rxf1 24. Qxf1 g4 25. h4 Nf6 26. Qe2 Bc6 27. Nf2 h5
28. c5 Bh6 29. cxd6 cxd6 30. Nc4 Nxe4 31. Nxe4 Qxe4 32. Qxe4 Bxe4 33. Nxd6 Bxc2
34. Nxb7 e4 35. Bd4 e3 36. Kg1 Bxb3 37. a5 Bc4 38. Nd6 Bd3 39. Nc8 e2 40. Bc3
Be3+ 41. Kg2 Be4+ 42. Kh2 Bf2 43. Nxa7 Bxa7 44. Be1 0-1

[Event "SR 3. liga A2 2017/2018"]
[Site "?"]
[Date "2017.11.05"]
[Round "3.4"]
[White "Hanzluvka, Peter"]
[Black "Hirmajer, Jan"]
[Result "0-1"]
[WhiteElo "1887"]
[BlackElo "1918"]
[PlyCount "90"]
[EventDate "2017.??.??"]

1. e4 c5 2. Nf3 Nc6 3. d4 cxd4 4. Nxd4 g6 5. Be3 Bg7 6. Bc4 Nf6 7. Nc3 O-O 8.
f3 Qb6 9. Bb3 Qa5 10. Qd2 Nxd4 11. Bxd4 d6 12. O-O-O Be6 13. Kb1 Bxb3 14. axb3
Nh5 15. Bxg7 Nxg7 16. g4 Rfc8 17. h4 h5 18. gxh5 Qxh5 19. Nd5 Kf8 20. Rhg1 Rc5
21. Nf4 Qh7 22. Nd5 Rac8 23. c3 Qh5 24. Rg4 Ke8 25. Rdg1 Qe5 26. Rg5 Qe6 27.
Qd4 Nh5 28. Qa4+ Qd7 29. Qxa7 Qb5 30. Qa4 Qc6 31. Nb6 Rxg5 32. Rxg5 Rd8 33. Ra5
Kf8 34. Qd4 f6 35. Qe3 Kf7 36. Nd5 Ng7 37. Ra4 Rh8 38. Rc4 Qb5 39. Qf2 Qxb3 40.
Ne3 Qb6 41. Rb4 Qa6 42. Nd5 Ne6 43. Rb6 Qd3+ 44. Qc2 Qf1+ 45. Qc1 Qxf3 0-1

[Event "SR 3. liga A2 2017/2018"]
[Site "?"]
[Date "2017.11.05"]
[Round "3.4"]
[White "Horak, Ivan"]
[Black "Diviak, Rudolf"]
[Result "1-0"]
[WhiteElo "2008"]
[BlackElo "1776"]
[PlyCount "55"]
[EventDate "2017.??.??"]

1. e4 e5 2. Nf3 Nc6 3. Bb5 a6 4. Ba4 Nf6 5. d4 exd4 6. O-O Be7 7. Re1 O-O 8. e5
Ng4 9. h3 Nh6 10. Bxh6 gxh6 11. Nxd4 Nxd4 12. Qxd4 d6 13. exd6 Bf6 14. Qb4 c5
15. Qxc5 Bxb2 16. Nd2 Bxa1 17. Rxa1 b5 18. Bb3 Qg5 19. Ne4 Qg7 20. Re1 Bxh3 21.
Ng3 Rac8 22. Qb6 Bd7 23. Re7 Be6 24. Bxe6 Qa1+ 25. Kh2 fxe6 26. d7 Rcd8 27.
Qxe6+ Kh8 28. Qxh6 1-0

[Event "SR 3. liga A2 2017/2018"]
[Site "?"]
[Date "2017.11.05"]
[Round "3.4"]
[White "Skapik, Branislav"]
[Black "Chabada, Tomas"]
[Result "0-1"]
[WhiteElo "1815"]
[BlackElo "1946"]
[PlyCount "110"]
[EventDate "2017.??.??"]

1. c4 e5 2. Nc3 Nf6 3. d3 Nc6 4. Nf3 Bc5 5. e3 O-O 6. Be2 d5 7. cxd5 Nxd5 8.
Nxd5 Qxd5 9. O-O Bg4 10. Ne1 Bxe2 11. Qxe2 Rad8 12. a3 Qb3 13. Rb1 Bxa3 14. Qc2
Qxc2 15. Nxc2 Be7 16. Rd1 a5 17. Kf1 Rd7 18. Ne1 Rfd8 19. Bd2 Nb4 20. Bc3 f6
21. Ke2 b6 22. Bxb4 Bxb4 23. Nc2 Kf7 24. Nxb4 axb4 25. Ra1 Ke6 26. Ra7 c5 27.
Ra6 Rd6 28. b3 Kd5 29. Ra7 R8d7 30. Rda1 Kc6 31. Rxd7 Rxd7 32. Ra6 Kb7 33. Ra1
b5 34. Ra5 Kb6 35. Ra8 Rc7 36. Rb8+ Kc6 37. Ra8 c4 38. dxc4 bxc4 39. bxc4 Kc5
40. Kd3 e4+ 41. Kc2 Kxc4 42. Re8 f5 43. g4 fxg4 44. Kb2 Kd3 45. Kb3 Rb7 46. Re5
Ke2 47. Rf5 g5 48. Re5 Kf3 49. Rf5+ Kg2 50. Re5 Kxf2 51. Rxe4 g3 52. hxg3 Kxg3
53. Re8 h5 54. Re5 Kg4 55. e4 h4 0-1

[Event "SR 3. liga A2 2017/2018"]
[Site "?"]
[Date "2017.11.05"]
[Round "3.4"]
[White "Kahanek, Jaroslav"]
[Black "Pericka, Pavol"]
[Result "0-1"]
[WhiteElo "1865"]
[BlackElo "1777"]
[PlyCount "43"]
[EventDate "2017.??.??"]

1. d4 d5 2. Nc3 Nf6 3. h3 e6 4. a3 c5 5. Nf3 Ne4 6. Na2 cxd4 7. Nxd4 Bc5 8. e3
O-O 9. Bd3 Nf6 10. O-O e5 11. Nb3 Bd6 12. Nc3 e4 13. Be2 Nc6 14. Nb5 Bb8 15.
Bg4 Nxg4 16. hxg4 Qh4 17. f4 exf3 18. Rxf3 Bxg4 19. N5d4 Bh2+ 20. Kf1 Bg3 21.
Ne2 Bxf3 22. gxf3 0-1

[Event "SR 3. liga A2 2017/2018"]
[Site "?"]
[Date "2017.11.05"]
[Round "3.4"]
[White "Trojkova, Michaela"]
[Black "Kovarik, Otto"]
[Result "0-1"]
[WhiteElo "1654"]
[BlackElo "1757"]
[PlyCount "71"]
[EventDate "2017.??.??"]

1. e4 c5 2. Nf3 e6 3. d4 cxd4 4. Nxd4 Nc6 5. Be2 Nf6 6. f3 Bc5 7. Nb3 Bb6 8.
Nc3 O-O 9. Bf4 e5 10. Bg5 Nd4 11. Nxd4 Bxd4 12. Qd2 h6 13. Be3 Bxe3 14. Qxe3 d6
15. O-O-O a6 16. Qd2 Ne8 17. g4 Be6 18. h4 b5 19. Rdg1 b4 20. Nd5 Bxd5 21. Qxd5
Rc8 22. Bxa6 Nc7 23. Qd3 Nxa6 24. Qxa6 Qc7 25. Qd3 Ra8 26. a3 bxa3 27. bxa3
Rfc8 28. Rg2 Qc5 29. Kb2 Rcb8+ 30. Ka2 Rb5 31. Ra1 Rxa3+ 32. Qxa3 Ra5 33. Qxa5
Qxa5+ 34. Kb2 Qb4+ 35. Ka2 Qc3 36. Rf2 0-1

[Event "SR 3. liga A2 2017/2018"]
[Site "?"]
[Date "2017.11.05"]
[Round "3.5"]
[White "Banas, Jan"]
[Black "Sturdik, Igor"]
[Result "1-0"]
[WhiteElo "2199"]
[BlackElo "1963"]
[PlyCount "73"]
[EventDate "2017.??.??"]

1. c4 e5 2. Nc3 Nc6 3. Nf3 g6 4. d4 exd4 5. Nxd4 Bg7 6. Nxc6 bxc6 7. g3 Ne7 8.
Bg2 O-O 9. O-O d6 10. Bg5 Bd7 11. Qd2 Rb8 12. b3 Re8 13. Rfe1 f6 14. Bh6 c5 15.
Bxg7 Kxg7 16. Rad1 Bc6 17. e4 f5 18. exf5 Bxg2 19. f6+ Kxf6 20. Kxg2 Kg7 21. h4
Nf5 22. Nd5 Nd4 23. Rxe8 Qxe8 24. Re1 Qf8 25. Re7+ Kg8 26. Qf4 Qxf4 27. Nxf4
Rb6 28. Rxc7 Ra6 29. Nd5 Rxa2 30. Nf6+ Kf8 31. Nxh7+ Kg8 32. Nf6+ Kf8 33. g4
Nxb3 34. h5 gxh5 35. g5 Nd4 36. g6 Ne6 37. Rf7# 1-0

[Event "SR 3. liga A2 2017/2018"]
[Site "?"]
[Date "2017.11.05"]
[Round "3.5"]
[White "Bukovsky, Milan"]
[Black "Liptak, Tomas"]
[Result "1/2-1/2"]
[WhiteElo "1923"]
[BlackElo "2211"]
[PlyCount "101"]
[EventDate "2017.??.??"]

1. d4 f5 2. c4 Nf6 3. Nc3 e6 4. Nf3 d6 5. Qc2 Be7 6. e4 O-O 7. exf5 exf5 8. Bd3
Nh5 9. O-O Nc6 10. a3 g5 11. d5 Ne5 12. Nxe5 dxe5 13. Qe2 Nf4 14. Bxf4 exf4 15.
Rae1 Bf6 16. Qh5 Bd7 17. g3 fxg3 18. hxg3 Rf7 19. Re2 a6 20. Nd1 Bd4 21. Ne3
Qf6 22. Rfe1 f4 23. Ng4 Bxg4 24. Qxg4 fxg3 25. Qxg3 Raf8 26. Rf1 Bxb2 27. c5
Bd4 28. Bc4 Rg7 29. d6+ Kh8 30. dxc7 Qf4 31. Qxf4 gxf4+ 32. Kh2 Rxc7 33. Bd3
Bxc5 34. Rc1 f3 35. Rec2 Bd6+ 36. Kh3 Re7 37. Rc8 Rxc8 38. Rxc8+ Kg7 39. a4 a5
40. Kg4 Rf7 41. Rc4 b6 42. Kg5 Bc5 43. Rc2 Rd7 44. Bb5 Rd4 45. Rc4 Rd2 46. Kg4
Rxf2 47. Kg3 Rg2+ 48. Kxf3 Rg5 49. Rg4 h6 50. Rxg5+ hxg5 51. Kg4 1/2-1/2

[Event "SR 3. liga A2 2017/2018"]
[Site "?"]
[Date "2017.11.05"]
[Round "3.5"]
[White "Kovacocy, Pavol"]
[Black "Mosny, Jaroslav"]
[Result "1-0"]
[WhiteElo "2254"]
[BlackElo "1892"]
[PlyCount "53"]
[EventDate "2017.??.??"]

1. e4 e5 2. Nf3 d6 3. d4 exd4 4. Nxd4 g6 5. Nc3 Bg7 6. Be3 Nf6 7. f3 O-O 8. Qd2
Nc6 9. O-O-O Nxd4 10. Bxd4 Be6 11. g4 c5 12. Be3 Qa5 13. Bh6 Bxh6 14. Qxh6 Bxa2
15. h4 Be6 16. h5 Qa1+ 17. Kd2 Qa5 18. hxg6 fxg6 19. g5 Nh5 20. Rxh5 gxh5 21.
Qxe6+ Kh8 22. Be2 Rae8 23. Qc4 Qd8 24. Rg1 Re5 25. Nd5 Rxg5 26. Qc3+ Kg8 27.
Nf6+ 1-0

[Event "SR 3. liga A2 2017/2018"]
[Site "?"]
[Date "2017.11.05"]
[Round "3.5"]
[White "Doucha, Ludvig"]
[Black "Sarmir, Milos"]
[Result "0-1"]
[WhiteElo "1901"]
[BlackElo "2079"]
[PlyCount "120"]
[EventDate "2017.??.??"]

1. e4 e5 2. Nf3 Nc6 3. Bc4 Be7 4. O-O d6 5. c3 Nf6 6. Re1 O-O 7. d4 Bg4 8. d5
Na5 9. Bd3 b6 10. Nbd2 c5 11. h3 Bh5 12. Nf1 c4 13. Bc2 b5 14. g4 Bg6 15. Ng3
Nb7 16. Nh4 Nc5 17. Ngf5 a5 18. Nxe7+ Qxe7 19. Bg5 h6 20. Bd2 Nfd7 21. Qf3 Rab8
22. Nf5 Bxf5 23. gxf5 Kh7 24. Kh2 Qh4 25. Rg1 Nf6 26. Rae1 b4 27. Qg3 Qxg3+ 28.
fxg3 b3 29. axb3 cxb3 30. Bb1 Rfc8 31. g4 a4 32. Kg3 a3 33. bxa3 Ra8 34. c4
Rxa3 35. Bb4 Ra4 36. Bxc5 Rxc5 37. Bd3 Ra3 38. Ra1 Rca5 39. Rxa3 Rxa3 40. Kf3
Nd7 41. Ke2 Ra2+ 42. Ke3 Nc5 43. Rb1 Rg2 44. Be2 Rg3+ 45. Bf3 Rxh3 46. Rb2 Kg8
47. Rb1 Rh2 48. Be2 Kf8 49. Ra1 Nxe4 50. Ra8+ Ke7 51. Kxe4 Rxe2+ 52. Kd3 Rg2
53. Ra7+ Kf6 54. Rd7 Rxg4 55. Rxd6+ Kxf5 56. Rb6 Rg3+ 57. Kd2 e4 58. d6 Rd3+
59. Ke2 Ke6 60. c5 Rc3 0-1

[Event "SR 3. liga A2 2017/2018"]
[Site "?"]
[Date "2017.11.05"]
[Round "3.5"]
[White "Markuliak, Mario"]
[Black "Bahna, Jan"]
[Result "0-1"]
[WhiteElo "1887"]
[BlackElo "1845"]
[PlyCount "102"]
[EventDate "2017.??.??"]

1. c4 e5 2. Nc3 Nc6 3. g3 g6 4. Bg2 Bg7 5. d3 d6 6. Nf3 Nge7 7. O-O O-O 8. Rb1
h6 9. b4 a6 10. Bd2 Be6 11. a4 Qd7 12. Qc2 Bh3 13. Rfc1 Bxg2 14. Kxg2 Rfe8 15.
e4 f5 16. Nd5 Nd4 17. Nxd4 Nxd5 18. Nxf5 gxf5 19. cxd5 c6 20. Qb3 Kh7 21. dxc6
bxc6 22. Rc2 Rf8 23. Rbc1 f4 24. f3 fxg3 25. hxg3 Rxf3 26. Kxf3 Qh3 27. Be1
Rf8+ 28. Ke3 h5 29. Kd2 d5 30. Kc3 dxe4 31. Kb2 exd3 32. Qxd3+ e4+ 33. Qc3
Bxc3+ 34. Rxc3 Rf6 35. Rc5 e3 36. Re5 Qg2+ 37. Rc2 Qf3 38. Rh2 Rf5 39. Re7+ Kg6
40. Bc3 Rf7 41. Re6+ Kh7 42. Re5 Rf5 43. Re7+ Kg8 44. g4 Qf2+ 45. Rxf2 exf2 46.
gxf5 f1=Q 47. f6 h4 48. Rg7+ Kf8 49. f7 h3 50. Rh7 Qg2+ 51. Kb3 h2 0-1

[Event "SR 3. liga A2 2017/2018"]
[Site "?"]
[Date "2017.11.05"]
[Round "3.5"]
[White "Krist, Milan"]
[Black "Vlkovic, Pavol"]
[Result "1-0"]
[WhiteElo "1830"]
[BlackElo "1817"]
[PlyCount "67"]
[EventDate "2017.??.??"]

1. d4 d6 2. c4 Nd7 3. Nc3 c6 4. Nf3 Ngf6 5. e4 e5 6. dxe5 dxe5 7. Be2 Qc7 8.
O-O Be7 9. Bg5 Nf8 10. h3 Ng6 11. Rc1 h6 12. Be3 Be6 13. Nd5 Bxd5 14. cxd5 O-O
15. dxc6 bxc6 16. Qc2 Rfb8 17. Bc4 Bb4 18. Rfd1 a5 19. Bd3 Bf8 20. Nd2 Nh5 21.
Be2 Nhf4 22. Bf1 Ne7 23. b3 g5 24. Bc5 Ne6 25. Nf3 Nxc5 26. Qxc5 Bg7 27. Rd2
Rd8 28. Rcd1 Rxd2 29. Rxd2 Ng6 30. Rc2 Ne7 31. Rd2 Ng6 32. Qd6 Ra7 33. Bc4 Bf8
34. Qxg6+ 1-0